<?xml version="1.0" encoding="UTF-8"?>
<collection xmlns="http://www.loc.gov/MARC21/slim">
<record>
  <controlfield tag="001">153596</controlfield>
  <controlfield tag="005">20251017144642.0</controlfield>
  <datafield tag="024" ind1="8" ind2=" ">
    <subfield code="2">sideral</subfield>
    <subfield code="a">143723</subfield>
  </datafield>
  <datafield tag="037" ind1=" " ind2=" ">
    <subfield code="a">ART-2012-143723</subfield>
  </datafield>
  <datafield tag="041" ind1=" " ind2=" ">
    <subfield code="a">spa</subfield>
  </datafield>
  <datafield tag="100" ind1=" " ind2=" ">
    <subfield code="a">Escribano Paño, María Victoria</subfield>
    <subfield code="u">Universidad de Zaragoza</subfield>
    <subfield code="0">(orcid)0000-0001-7903-0883</subfield>
  </datafield>
  <datafield tag="245" ind1=" " ind2=" ">
    <subfield code="a">La quema de libros heréticos: el silencio imperativo de las voces disidentes en los ss. IV y V</subfield>
  </datafield>
  <datafield tag="260" ind1=" " ind2=" ">
    <subfield code="c">2012</subfield>
  </datafield>
  <datafield tag="506" ind1="0" ind2=" ">
    <subfield code="a">Access copy available to the general public</subfield>
    <subfield code="f">Unrestricted</subfield>
  </datafield>
  <datafield tag="520" ind1="3" ind2=" ">
    <subfield code="a">La quema pública de escritos es una forma violenta de condenar al silencio al enemigo político o religioso con larga tradición en el mundo greco–romano. Textos de contenido astrológico o adivinatorio, libros de magia, escritos maniqueos y cristianos habían sido dados al fuego, coincidiendo con otros procedimientos punitivos contra grupos o individuos. También era un ritual de expiación con el que se pretendía erradicar la polución religiosa. Ambos componentes ideológicos, la eliminación simbólica y la purificación ritual, confluyen en la orden de quemar libros heréticos en dos constitutiones del libro XVI del Codex Theodosianus (CTh XVI, 5, 34. 398; CTh XVI, 5, 66. 435). El propósito de este trabajo
es analizarlas y contextualizarlas fuera y dentro del Codex.

The burning of public written is a violent way of condemning to silence at the political or religious enemy with a long tradition in the greco-roman world. Text with astrological or divinatory topic, magic book, manichaean and christian writings were given to fire, coinciding with other punitive procedures against groups or individuals. Also was a ritual of expiation with witch intended to eradicate religious pollution. Both ideological components, the symbolic elimination and ritual purification converge in order to burn heretical books in two constitutions of the XVI book in the Codex Theodosianus (CTh XVI, 5, 34. 398; CTh XVI, 5, 66. 435). The purpose of this paper is to analyze and ontextualize outside and inside the Codex</subfield>
  </datafield>
  <datafield tag="540" ind1=" " ind2=" ">
    <subfield code="9">info:eu-repo/semantics/openAccess</subfield>
    <subfield code="a">by-sa</subfield>
    <subfield code="u">https://creativecommons.org/licenses/by-sa/4.0/deed.es</subfield>
  </datafield>
  <datafield tag="655" ind1=" " ind2="4">
    <subfield code="a">info:eu-repo/semantics/article</subfield>
    <subfield code="v">info:eu-repo/semantics/publishedVersion</subfield>
  </datafield>
  <datafield tag="710" ind1="2" ind2=" ">
    <subfield code="1">3000</subfield>
    <subfield code="2">445</subfield>
    <subfield code="a">Universidad de Zaragoza</subfield>
    <subfield code="b">Dpto. Ciencias de la Antigüed.</subfield>
    <subfield code="c">Área Historia Antigua</subfield>
  </datafield>
  <datafield tag="773" ind1=" " ind2=" ">
    <subfield code="g">44 (2012), 125-142</subfield>
    <subfield code="t">Anales de Historia Antigua, Medieval y Moderna</subfield>
    <subfield code="x">1514-9927</subfield>
  </datafield>
  <datafield tag="856" ind1="4" ind2=" ">
    <subfield code="s">356946</subfield>
    <subfield code="u">http://zaguan.unizar.es/record/153596/files/texto_completo.pdf</subfield>
    <subfield code="y">Versión publicada</subfield>
  </datafield>
  <datafield tag="856" ind1="4" ind2=" ">
    <subfield code="s">1947040</subfield>
    <subfield code="u">http://zaguan.unizar.es/record/153596/files/texto_completo.jpg?subformat=icon</subfield>
    <subfield code="x">icon</subfield>
    <subfield code="y">Versión publicada</subfield>
  </datafield>
  <datafield tag="909" ind1="C" ind2="O">
    <subfield code="o">oai:zaguan.unizar.es:153596</subfield>
    <subfield code="p">articulos</subfield>
    <subfield code="p">driver</subfield>
  </datafield>
  <datafield tag="951" ind1=" " ind2=" ">
    <subfield code="a">2025-10-17-14:32:42</subfield>
  </datafield>
  <datafield tag="980" ind1=" " ind2=" ">
    <subfield code="a">ARTICLE</subfield>
  </datafield>
</record>
</collection>